000 00653nam a2200241Ia 4500
005 20260430150150.0
008 008 250103s9999 xx 000 0 eng d
037 _aTheses
040 _aCRL
040 _beng
040 _ceng
041 _2eng
041 _aeng
084 _qCRL
100 _aAneja Neetu Au.; Sharma Binay Kumar Gu.
_91236654
245 0 _aSynchronization methods for chaotic and hyperchaotic systems
260 _c2022
300 _a112p.
650 _aMathematics
700 _aUniveristy of Delhi. Faculty of Mathematical Sciences. Department of Mathematics
_91236655
942 _cTH
999 _c1849110
_d1849110